Statistics for World Capitals Closest to Kuwait City

Click here to take the quiz!

General Stats

  • This quiz has been taken 86 times
  • The average score is 15 of 20

Answer Stats

kmcapitalmiles% Correct
534Riyadh332
94%
557Baghdad346
91%
838Abu Dhabi527
89%
576Doha358
89%
772Tehran480
89%
1619Cairo1006
85%
1190Jerusalem739
84%
1284Beirut798
82%
1199Damascus745
82%
435Manama270
82%
1189Amman739
81%
1809Ankara1124
81%
1241Baku771
71%
1607Sana'a998
68%
1218Muscat757
65%
1402Tbilisi871
65%
1244Yerevan773
61%
1515Nicosia941
57%
1353Ashgabat841
44%
1818Asmara1130
41%

Score Distribution

Percentile by Number Answered

Percent of People with Each Score

Your Score History

You have not taken this quiz